000 00844nam a22002417a 4500
999 _c6104
_d6104
003 AR-CdUCM
008 190313b ||||| |||| 00| 0 spa d
040 _aMUNICIPALIDAD PROVINCIAL DEL CUSCO
_cBIBLIOTECA MUNICIPAL DEL CUSCO
082 _a891.4 /
_bK76
100 _aKorolenko, Vladimir
_917733
245 _aEl día del juicio :
_bNovelas /
260 _aBuenos Aires :
_bEspasa-Calpe Argentina,
_c1953.
300 _a151 paginas ;
_c18 cm.
440 _aColección austral
_9172
500 _aDonación familia Nieto.
505 _aContenido :El día del juicio -- El sueño de Makar -- Los ruidos del bosque -- Incomprensible.
650 _aNovelas rusas
_92132
650 _aLiteratura rusa
_99988
650 _aLiteratura del siglo xx
_97647
700 _aTasin, Nicolas (traductor)
_917734
942 _2ddc
_cLIBROS
945 _arum